Finance accounts, Madhya Pradesh (Record no. 507682)

000 -LEADER
fixed length control field 00500cam a22001457a 4500
008 - FIXED-LENGTH DATA ELEMENTS--GENERAL INFORMATION
fixed length control field 180718b-- xxu||||| |||| 00| 0 eng d
082 ## - DEWEY DECIMAL CLASSIFICATION NUMBER
Classification number L806x5422 F
245 ## - TITLE STATEMENT
Title Finance accounts, Madhya Pradesh
260 ## - PUBLICATION, DISTRIBUTION, ETC. (IMPRINT)
Place of publication, distribution, etc Bhopal
Name of publisher, distributor, etc Comptroller and Auditor General of India
Date of publication, distribution, etc --
300 ## - PHYSICAL DESCRIPTION
Extent v.p.
500 ## - GENERAL NOTE
General note Library has 1994/95, 1996/97-2010/11
650 ## - SUBJECT ADDED ENTRY--TOPICAL TERM
Topical term or geographic name as entry element Finance, Public - Auditing - India - Madhya Pradesh
9 (RLIN) 2231
700 ## - ADDED ENTRY--PERSONAL NAME
Personal name Madhya Pradesh. Comptroller and Auditor General of India
9 (RLIN) 2232
942 ## - ADDED ENTRY ELEMENTS (KOHA)
Source of classification or shelving scheme
Holdings
Withdrawn status Lost status Source of classification or shelving scheme Damaged status Koha normalized classification for sorting Not for loan Permanent location Current location Date acquired Full call number Barcode Date last seen Price effective from Koha item type
        L_806X5422_F   Indian Institute of Public Administration Indian Institute of Public Administration 2019-02-21 L806x5422 F GG34630 2019-02-21 2019-02-21 GG
        L_806X5422_F   Indian Institute of Public Administration Indian Institute of Public Administration 2019-02-21 L806x5422 F GG34631 2019-02-21 2019-02-21 GG

Powered by Koha